000 00902nmm a2200289 a 4500
001 ocm000610759
003 TR-IsHL
005 20201028125008.0
008 110704s2007 tu tur
007 cr cn
020 _a9789944425346
035 _a610759
_b(N$T)
050 0 4 _aPS3573.O642
_bD46 2007
090 0 4 _aPS3573.O642
_bD46 2007
100 1 _aWoods, Stuart
245 1 0 _aDemir orkide
_h[electronic resource] /
_cStuart Woods ; çev. Füsun Talay
250 _a1. bs.
260 _aİstanbul :
_bBilge Kültür Sanat,
_c2007
300 _a279 p.
650 4 _aDil ve Edebiyat
650 4 _aLanguage and Literature
650 0 _aAmerikan romanı
650 0 _aAmerican fiction
650 7 _aLITERARY COLLECTIONS / American / General
_2bisacsh
700 1 _aTalay, Füsun
856 4 0 _uhttp://search.ebscohost.com/login.aspx?direct=true&scope=site&db=e011xww&AN=610759
999 _c3247
_d3247